000 00397nam a22001697a 4500
999 _c1303
_d1303
005 20211126103522.0
008 160521b xxu||||| |||| 00| 0 eng d
020 _a81-259-1275-4
041 _aeng
082 _b3747
100 _aS. KALAVATHY
_9637
245 _aOperations Research
260 _bUBS Publicating Distrubutor
_c2008
300 _a536
650 _aManagement
_9241
942 _cBK